Joī meṃ eka śāḷā. (Record no. 75771)

MARC details
000 -LEADER
fixed length control field 00610cam a22002411 4500
001 - CONTROL NUMBER
control field sa 67006214
003 - CONTROL NUMBER IDENTIFIER
control field DLC
005 - DATE AND TIME OF LATEST TRANSACTION
control field 20260227112404.0
008 - FIXED-LENGTH DATA ELEMENTS--GENERAL INFORMATION
fixed length control field 890802s1966 ii 000 0 gujo
010 ## - LIBRARY OF CONGRESS CONTROL NUMBER
LC control number sa 67006214
035 ## - SYSTEM CONTROL NUMBER
System control number (OCoLC)20115185
040 ## - CATALOGING SOURCE
Original cataloging agency DLC
Transcribing agency WaU
Modifying agency DLC
042 ## - AUTHENTICATION CODE
Authentication code premarc
043 ## - GEOGRAPHIC AREA CODE
Geographic area code a-ii---
050 00 - LIBRARY OF CONGRESS CALL NUMBER
Classification number LB775.G22
Item number V34
100 1# - MAIN ENTRY--PERSONAL NAME
Personal name Vasavada, Indra Umiyashankar,
Dates associated with a name 1912-
245 10 - TITLE STATEMENT
Title Joī meṃ eka śāḷā.
260 ## - PUBLICATION, DISTRIBUTION, ETC.
Date of publication, distribution, etc. [1966]
300 ## - PHYSICAL DESCRIPTION
Extent 54 p.
Dimensions 21 cm.
500 ## - GENERAL NOTE
General note In Gujarati.
650 #0 - SUBJECT ADDED ENTRY--TOPICAL TERM
Topical term or geographic name entry element Wardha scheme of education.
650 #0 - SUBJECT ADDED ENTRY--TOPICAL TERM
Topical term or geographic name entry element Schools
Geographic subdivision India
-- Gujarat.

No items available.

Powered by Koha